| 000 | 00535nam a22001937a 4500 | ||
|---|---|---|---|
| 005 | 20250911170905.0 | ||
| 010 | _aENG-145495 | ||
| 020 |
_c650.00 _a978-9355017468 |
||
| 035 | _aEN-129027 | ||
| 037 | _bDBAD | ||
| 082 | _a000 | ||
| 100 |
_aAggarwal, R.S _985008 |
||
| 245 |
_aSSC Mathematics/ _cR.S Aggarwal |
||
| 250 | _a1 | ||
| 260 |
_aUttar Pradesh _bS Chand and Company Limited _c2025 |
||
| 270 |
_bUttar Pradesh _aD-92, Sector-2, Noida _e201301 |
||
| 300 |
_avpp. _c25cm(pb) |
||
| 942 |
_2ddc _cEN _h000 _mAGG |
||
| 999 |
_c213415 _d213415 |
||